Estatísticas para As 30 marcas de carros mais valiosas do mundo

Clique aqui para jogar o quiz

Estatísticas Gerais

  • Esse quiz foi jogado 1 839 vezes
  • A pontuação média é 15 de 30

Estatísticas das Respostas

Resposta% Correto
Ferrari
92%
Fiat
80%
Ford
79%
BMW
77%
Chevrolet
76%
Honda
72%
Toyota
72%
Volkswagen
72%
Audi
66%
Hyundai
64%
Mercedes-Benz
62%
Renault
59%
Nissan
55%
Peugeot
53%
Porsche
53%
Citroën
46%
Jeep
41%
Kia
41%
Volvo
41%
Mitsubishi
39%
Land Rover
35%
Dodge
30%
Subaru
28%
Bentley
25%
Mazda
23%
MINI
23%
Suzuki
23%
Lexus
21%
Chrysler
17%
Acura
8%

Distribuição das Pontuações

Percentil de Números Respondidos

Porcentagem de Pessoas com Cada Pontuação

Sua Pontuação Histórica

Você não jogou esse quiz